=LDR 00000nam 2200000 4500 =001 000880 =005 20250712113233 =035 ##$$a 0010-0725000758 =007 ta =008 250712################a##########0#ind## =020 ##$$a 987-623-118-880-9 =082 ##$$a 398. 209 598 =084 ##$$a 398. 209 598 EGB h =100 #$$a Egbert, Rehema =245 1#$$a Hari Pertamaku di Sekolah /$c Rehema Egbert =250 ##$$a Cetakan Pertama =260 ##$$a Jakarta Timur :$b Badan Pengembangan dan Pembinaan Bahasa,$c 2024 =300 ##$$a 16 hlm. : $b Ilus. ; $c 21 cm =650 #4$$a Cerita anak Indonesia-Terjemahan =650 #4$$a Literasi-Bahan Bacaan =990 ##$$a TBM202400619